banner koha

Alguns eventos morfológicos do processo de reparo de falha óssea diafisária no rádio esquerdo de ratos tratados com fenobarbital (Registro n. 200001)

MARC details
000 -LÍDER
campo de controle de tamanho fixo 00862nas a2200265 4500
001 - NÚMERO DE CONTROLE
campo de controle BR0808054
003 - IDENTIFICADOR DO NÚMERO DE CONTROLE
campo de controle BR-BrBNA
005 - DATA E HORÁRIO DA ÚLTIMA TRANSAÇÃO
campo de controle 20231205112805.0
007 - CAMPO FIXO DE DESCRIÇÃO FÍSICA--INFORMAÇÃO GERAL
campo de controle de tamanho fixo ta
008 - CAMPO DE DADOS FIXOS--INFORMAÇÃO GERAL
campo de controle de tamanho fixo 230509b bl.|||p| |||| 00| 00por d
040 ## - FONTE DA CATALOGAÇÃO
Instituição da catalogação original BR-BrBNA
Idioma da catalogação por
Instituição que transcreveu o registro Biblioteca Nacional de Agricultura
041 ## - CÓDIGO DE IDIOMA
Código do idioma do texto/trilha sonora ou título diferente (Pt)
072 ## - CÓDIGO DE CATEGORIA DE ASSUNTO
Código de Categoria de Assunto L40
100 1# - ENTRADA PRINCIPAL--NOME PESSOAL
Nome pessoal Mascarenhas, N.M.F.
100 1# - ENTRADA PRINCIPAL--NOME PESSOAL
Nome pessoal Ideriha, N.M.
100 1# - ENTRADA PRINCIPAL--NOME PESSOAL
Nome pessoal Orsi, A.M.
245 1# - TÍTULO
Título Alguns eventos morfológicos do processo de reparo de falha óssea diafisária no rádio esquerdo de ratos tratados com fenobarbital
650 ## - ASSUNTO--TERMO TÓPICO
Cabeçalho tópico ou nome geográfico RATO
650 ## - ASSUNTO--TERMO TÓPICO
Cabeçalho tópico ou nome geográfico MORFOLOGIA ANIMAL
650 ## - ASSUNTO--TERMO TÓPICO
Cabeçalho tópico ou nome geográfico OSSO
650 ## - ASSUNTO--TERMO TÓPICO
Cabeçalho tópico ou nome geográfico RÁDIO
773 0# - ENTRADA ANALÍTICA
Título Brazilian Journal of Veterinary Research and Animal Science (Brazil)
ISSN - International Standard Serial Number ISSN 1413-9596
Partes relacionadas (1995), v. 36(4/6) p. 188-193
Número de controle do registro BR0808054
909 ## -
-- 202311
-- Lúcia
-- 55
-- Lúcia Elande
942 ## - ELEMENTOS DE ENTRADA ADICIONADOS (KOHA)
Fonte da classificação ou esquema de arquivamento na estante Classificação AGRIS
Ocultar no OPAC Não
Tipo de material Koha Analítica
Exemplares
Situação do descarte Fonte da classificação ou esquema de arquivamento na estante Situação física Não pode ser emprestado Biblioteca de origem Biblioteca atual Localização na estante Enumeração do periódico / cronologia Total de empréstimos Data de último acesso Número do exemplar Tipo de material Koha Fonte de aquisição
  Classificação AGRIS   Consulta local Biblioteca Nacional de Agricultura - Binagri Biblioteca Nacional de Agricultura - Binagri   (1995), v. 36(4/6) p. 188-193   29/11/2023 01 Periódicos Portaria Interministerial nº 164/94

BINAGRI

Telefone: (61)3218-2567/2388/3357/2097 - binagri@agro.gov.br

Ministério da Agricultura e Pecuária , Esplanada dos Ministérios, Bloco D, Anexo B, Brasília/DF, CEP: 70.043-900